ბათუმის შოთა რუსთაველის სახელმწიფო უნივერსიტეტის ბიბლიოთეკა

Essentials of adaptive behavior assessment of neurodevelopmental disorders / (ბიბ.ჩანაწერი № 58114)

000 -LEADER
fixed length control field 01030cam a2200241 i 4500
001 - CONTROL NUMBER
control field 20136700
005 - DATE AND TIME OF LATEST TRANSACTION
control field 20221108160443.0
008 - FIXED-LENGTH DATA ELEMENTS--GENERAL INFORMATION
fixed length control field 171108s2018 njua b 001 0 eng c
020 ## - INTERNATIONAL STANDARD BOOK NUMBER
International Standard Book Number 9781119075455 X
041 ## - LANGUAGE CODE
Language code of text/sound track or separate title eng
080 ## - UNIVERSAL DECIMAL CLASSIFICATION NUMBER
Universal Decimal Classification number 616.89 S-25
100 1# - MAIN ENTRY--PERSONAL NAME
Personal name Saulnier, Celine A.,
9 (RLIN) 12084
245 10 - TITLE STATEMENT
Title Essentials of adaptive behavior assessment of neurodevelopmental disorders /
Statement of responsibility, etc. Celine A. Saulnier, Cheryl Klaiman.
264 #1 - PRODUCTION, PUBLICATION, DISTRIBUTION, MANUFACTURE, AND COPYRIGHT NOTICE
Place of production, publication, distribution, manufacture Hoboken, NJ :
Name of producer, publisher, distributor, manufacturer Wiley,
Date of production, publication, distribution, manufacture, or copyright notice 2018.
300 ## - PHYSICAL DESCRIPTION
Extent 190 pages :
Other physical details illustrations ;
Dimensions 22 cm.
490 0# - SERIES STATEMENT
Series statement Essentials of psychological assessment series
653 ## - INDEX TERM--UNCONTROLLED
keyword ნეიროგანვითარების დარღვევები
653 ## - INDEX TERM--UNCONTROLLED
keyword Основы оценки адаптивного поведения при расстройствах нервного развития
653 ## - INDEX TERM--UNCONTROLLED
keyword ქცევითი შეფასება
653 ## - INDEX TERM--UNCONTROLLED
keyword Поведенческая оценка
700 1# - ADDED ENTRY--PERSONAL NAME
Personal name Klaiman, Cheryl
Dates associated with a name
Relator term ავტორი
9 (RLIN) 12085
942 ## - ADDED ENTRY ELEMENTS (KOHA)
Source of classification or shelving scheme
Koha item type წიგნი
ეგზემპლარები
Withdrawn status Lost status Source of classification or shelving scheme Damaged status Not for loan Permanent Location Current Location Shelving location Date acquired Cost, normal purchase price Full call number Barcode Date last seen Copy number Price effective from Koha item type Public note
          ბათუმის შოთა რუსთაველის სახელმწიფო უნივერსიტეტის მთავარი ბიბლიოთეკა ბათუმის შოთა რუსთაველის სახელმწიფო უნივერსიტეტის მთავარი ბიბლიოთეკა წიგნსაცავი 2021-06-18 159.00 616.89 S-25 61413 2021-06-18 61413 2021-06-18 წიგნი 159 ლ.
          ბათუმის შოთა რუსთაველის სახელმწიფო უნივერსიტეტის მთავარი ბიბლიოთეკა ბათუმის შოთა რუსთაველის სახელმწიფო უნივერსიტეტის მთავარი ბიბლიოთეკა წიგნსაცავი 2021-06-18 159.00 616.89 S-25 61414 2021-06-18 61414 2021-06-18 წიგნი 159 ლ.